Informe sobre el fiançament municipal a Catalunya : problemàtica i línies de reforma problemàtica i línies de reforma
Descripción Física:
133 p. : quadres, gràfics ; 30 cm
Materias:
Finances locals -- Catalunya
MARC
| LEADER | 00000nam a2200000Ia 4500 | ||
|---|---|---|---|
| 001 | 18534 | ||
| 008 | 160829s9999 xx 000 0 cat d | ||
| 080 | |a M-5-341 | ||
| 245 | |a Informe sobre el fiançament municipal a Catalunya : |b problemàtica i línies de reforma | ||
| 260 | |a [Barcelona] : |b Federació de Municipis de Catalunya, [199 - ?] | ||
| 300 | |a 133 p. : |b quadres, gràfics ; |c 30 cm | ||
| 650 | |a Finances locals |x Catalunya |9 23426 | ||
| 710 | |a Federació de Municipis de Catalunya |9 52168 | ||
| 901 | |a Arxiu | ||
| 942 | |n 1 | ||
| 952 | |0 0 |1 0 |4 0 |6 M5341 |7 1 |9 50747 |a Arxiu |b Arxiu |d 2016-12-01 |l 0 |o M-5-341 |p 18534 |r 2016-12-01 00:00:00 |w 2016-12-01 |y ARXIU | ||
| 999 | |c 54589 |d 54589 | ||